000 00808cam a22002893a 4500
001 30963
003 PGUSA
005 20140828083653.0
008 100114s2010||||xxu|||||s|||||000 1 eng d
040 _aPGUSA
_beng
042 _adc
050 4 _aPS
100 1 _aYoung, Robert F.,
_d1915-1986
245 1 2 _aA Knyght Ther Was
_h[electronic resource] /
_cRobert F. Young
260 _bProject Gutenberg,
_c2010
506 _aPublic domain in the USA.
516 _aElectronic text
653 _aScience fiction
653 _aThieves -- Fiction
653 _aKnights and knighthood -- Fiction
653 _aGrail -- Fiction
653 _aTime travel -- Fiction
700 1 _aSummers, Leo
830 0 _aProject Gutenberg
_v30963
856 4 0 _uhttp://www.gutenberg.org/ebooks/30963
942 _cEB
999 _c260218
_d260218